Climatology / (Record no. 7554)

000 -LEADER
fixed length control field 00688cam a22002054a 4500
003 - CONTROL NUMBER IDENTIFIER
control field OSt
005 - DATE AND TIME OF LATEST TRANSACTION
control field 20200313051342.0
008 - FIXED-LENGTH DATA ELEMENTS--GENERAL INFORMATION
fixed length control field 061026s2008 mauabf b 001 0 eng
020 ## - INTERNATIONAL STANDARD BOOK NUMBER
International Standard Book Number 9780763738280
040 ## - CATALOGING SOURCE
Original cataloging agency DLC
Transcribing agency DLC
Modifying agency BTCTA
-- BAKER
-- YDXCP
-- C#P
-- DLC
082 00 - DEWEY DECIMAL CLASSIFICATION NUMBER
Classification number 551.5
Edition number 22
Item number ROH
100 1# - MAIN ENTRY--PERSONAL NAME
Personal name Rohli, Robert V.
245 10 - TITLE STATEMENT
Title Climatology /
Statement of responsibility, etc Robert V. Rohli, Anthony J. Vega.
260 ## - PUBLICATION, DISTRIBUTION, ETC. (IMPRINT)
Place of publication, distribution, etc Sudbury, Mass. :
Name of publisher, distributor, etc Jones and Bartlett Publishers,
Date of publication, distribution, etc c2008.
300 ## - PHYSICAL DESCRIPTION
Extent xv, 466 p., [8] p. of plates :
Other physical details ill. (some col.), maps (some col.) ;
Dimensions 28 cm.
504 ## - BIBLIOGRAPHY, ETC. NOTE
Bibliography, etc Includes bibliographical references and index.
650 #0 - SUBJECT ADDED ENTRY--TOPICAL TERM
Topical term or geographic name as entry element Climatology
Form subdivision Textbooks.
700 1# - ADDED ENTRY--PERSONAL NAME
Personal name Vega, Anthony J.
942 ## - ADDED ENTRY ELEMENTS (KOHA)
Source of classification or shelving scheme
Holdings
Withdrawn status Lost status Source of classification or shelving scheme Damaged status Koha normalized classification for sorting Not for loan Permanent location Current location Date acquired Total Checkouts Total Renewals Full call number Barcode Date last seen Date last borrowed Price effective from Koha item type
        551_500000000000000_ROH   BMS College of Architecture, Design and Planning BMS College of Architecture, Design and Planning 2020-03-13 3 1 551.5 ROH AR-UG1721 2025-11-25 2025-11-17 2020-03-13 UG Books
Copyright © 2025, The Librarian, Library and Information Centre, BMSCA D&P, Bengaluru. All Rights Reserved
web counter

Powered by Koha